Subdivisions (Gaue) of the Holy Roman Empire in 962 AD with a Map - Statistics

General Stats
  • This quiz has been taken 693 times
  • The average score is 22 of 316
Answers on the Map
Answers color-coded by a green-red scale on the quiz's map according to % correct below.
 
Answer Stats
Subdivisions % Correct
Tuscany
69%
Obertenga
62%
Papal States
55%
Augau
53%
Holtland
51%
Thurgau
50%
Kölngau
47%
Dreingau
45%
Saalgau
43%
Verona
43%
Hegau
42%
Istria
41%
Trentino
39%
Salzgau
37%
Brabantgau
33%
Nordgau
33%
Salzburggau
33%
Hessengau
32%
Lidbekegau
32%
Maingau
32%
Turin
32%
Eastern March
30%
Aosta
29%
Liugau
29%
Romagna
29%
Westergau
29%
Westergoa
29%
Friuli
28%
Holsteingau
28%
Inntal
25%
Metzgau
25%
Aleramica
24%
Carniola
24%
Ostergau
24%
Ostergoa
24%
Rijnland
23%
Nordthüringgau
22%
Rheingau
22%
Südergau
22%
Sudergoa
22%
Spoleto
21%
Thüringgau
21%
Hennegau
20%
Saargau
20%
Linzgau
18%
Mantua
17%
Wormsgau
16%
Barrois
15%
Danish March
15%
Albgau
14%
Verdungau
14%
Donaugau
13%
Lungau
13%
Pongau
13%
Allgäu
12%
Cambrésis
12%
Speyergau
12%
Drenthe
11%
Maasgau
11%
Masaland
11%
Bonngau
10%
Breisgau
10%
Dithmarschen
10%
Mühlgau
10%
Raetia Curiensis
10%
Duisburggau
9%
Sundgau
9%
Westphaliagau
9%
Alba
7%
Emsgau
7%
Jülichgau
7%
Padergau
7%
Asti
6%
Altgau
5%
Neckargau
5%
Obotriti
5%
Toulois
5%
Chrowati
4%
Texla
4%
Ardennengau
3%
Auricherland
3%
Blois
3%
Eastphaliagau
3%
Egerland
3%
Ennstalgau
3%
Harzgau
3%
Iselgo
3%
Nethegau
3%
Niederlahngau
3%
Niedgau
3%
Oberlahngau
3%
Rangau
3%
Taubergau
3%
Texandria
3%
Wanzlow
3%
Ammergau
2%
Batavia
2%
Chiemgau
2%
Eifelgau
2%
Federgo
2%
Hamaland
2%
Haspengau
2%
Hassgau
2%
Illergau
2%
Isengau
2%
Jagstgau
2%
Kochergau
2%
Nahegau
2%
Nievenheimgau
2%
Norderland
2%
Pentapolis
2%
Pinzgau
2%
Polabia
2%
Saintois
2%
Salingau
2%
Schwabengau
2%
Traungau
2%
Twente
2%
Ufgau
2%
Veluwe
2%
Waasgau
2%
Wagria
2%
Wetterau
2%
Würmgau
2%
Zistanfeld
2%
Agradingau
1%
Albegau
1%
Almangau
1%
Angerngau
1%
Argengau
1%
Attergau
1%
Auelgau
1%
Augstgau
1%
Badanachgau
1%
Balsamgau
1%
Bardengau
1%
Bertoldsbaar
1%
Beveland
1%
Bidgau
1%
Bliesgau
1%
Bornegoa
1%
Brettachgau
1%
Brisingau
1%
Bukkigau
1%
Bursibant
1%
Castricius
1%
Chaumontois
1%
Chutizi
1%
Chutizi Orientalis
1%
Circipani
1%
Condroz
1%
Daleminzi
1%
Derlingau
1%
Dersagau
1%
Derve
1%
Desseri
1%
Deutzgau
1%
Dobnagau
1%
Drevani
1%
Ducharin
1%
Dulcomensis
1%
Duriagau
1%
Einrichgau
1%
Elsenzgau
1%
Engadin
1%
Engersgau
1%
Eritgau
1%
Filsgau
1%
Fivelgo
1%
Flethite
1%
Flutwidde
1%
Folcholtsbaar
1%
Friesenfeld
1%
Fulnaho
1%
Geraha
1%
Glemsgau
1%
Gollachgau
1%
Gotzfeldgau
1%
Gretinge
1%
Grindirigau
1%
Grönegau
1%
Groswin
1%
Grunzwiti
1%
Gudingau
1%
Gurktal
1%
Haduloha
1%
Hasegau
1%
Hassegau
1%
Heilangau
1%
Hengistgau
1%
Heveller
1%
Humsterland
1%
Hunsigo
1%
Hunsrückgau
1%
Huosigau
1%
Iffgau
1%
Instarlake
1%
Jaun
1%
Keltenstein
1%
Kessinia
1%
Kinhem
1%
Largau
1%
Lavanttal
1%
Leinegau
1%
Leobengau
1%
Lerigau
1%
Liesgau
1%
Liezizi
1%
Limes Saxoniae
1%
Linonia
1%
Lobdengau
1%
Loingau
1%
Lommegau
1%
Lurngau
1%
Lusitzi
1%
Maifeld
1%
Mainwenden
1%
Marstemgau
1%
Mattiggau
1%
Maulachgau
1%
Meseritz
1%
Milceni
1%
Moringen
1%
Moside
1%
Mosomensis
1%
Murizzi
1%
Murrgau
1%
Mürztalgau
1%
Neletizi
1%
Neustria
1%
Nielitizi
1%
Niseni
1%
Nizizi
1%
Norital
1%
Orlagau
1%
Ornois
1%
Ortenau
1%
Osterburg-Gau
1%
Osterwalde
1%
Ostgrabfeldgau
1%
Planegau
1%
Pleißegau
1%
Plote
1%
Puonzowa
1%
Pustertal
1%
Radenzgau
1%
Redarier
1%
Retschanen
1%
Riesgau
1%
Rittigau
1%
Rotagau
1%
Rüstringen
1%
Scarponagau
1%
Schouwen
1%
Schozachgau
1%
Schweinachgau
1%
Selpuli
1%
Siusili
1%
Sorau
1%
Soulossois
1%
Souna
1%
Sprevane
1%
Stormarn
1%
Strupenice
1%
Sturmigau
1%
Sualafeldgau
1%
Suilbergau
1%
Sulmanachgau
1%
Sundergau
1%
Teisterbant
1%
Theotmelli
1%
Tholenz
1%
Threcwiti
1%
Tilithigau
1%
Trechirgau
1%
Ukrani
1%
Undrimagau
1%
Vinschgau
1%
Volkfeld
1%
Walcheren
1%
Waldsassengau
1%
Wangerland
1%
Warnabi
1%
Weitagau
1%
Werngau
1%
Werregau
1%
Westflinge
1%
Westgrabfeldgau
1%
Wigmodi
1%
Wingartau
1%
Wippergau
1%
Woëvre
1%
Wostrose
1%
Zemzizi
1%
Zerwisti
1%
Zülpichgau
1%
Zwikau
1%
Drachgau
0%
Eichsfeldgau
0%
Engilin
0%
Helmegau
0%
Hettergau
0%
Ittergau
0%
Längwitzgau
0%
Moracieni
0%
Nabelgau
0%
Rammachgau
0%
Serimunt
0%
Skopingau
0%
Swiggerstal
0%
Wetigau
0%
No matching quizzes found
Score Distribution
Percent of People with Each Score
Percentile by Number Answered
Your Score History
You have not taken this quiz